India : a concise hictory

Bibliographic Details
Main Author: Watson, Fraucis
Format: Book
Published: London : Thames and Hudson , 1992
Subjects:

MARC

LEADER 00000cam a2200000 7i4500
001 0000004146
002 000004460
005 20000330.0
020 |a 050027164X 
090 0 0 |a 954   |b WAT 
100 1 |a Watson, Fraucis 
245 1 0 |a India :   |b a concise hictory   |c Francis Watyou 
260 |a London :   |b Thames and Hudson ,   |c 1992 
300 |a 192p. ;   |c 22cm. 
650 0 0 |a India   |x History 
999 |a 033446   |b BUKU   |c PINJAMAN   |e PERPUSTAKAAN KOMUNITI PETALING JAYA